The Indian contract and Specific Relief Acts. 2V (Record no. 34024)

MARC details
000 -LEADER
fixed length control field 00484nam a2200181Ia 4500
008 - FIXED-LENGTH DATA ELEMENTS--GENERAL INFORMATION
fixed length control field 230917s9999||||xx |||||||||||||| ||und||
020 ## - ISBN
Price RS3295
040 ## - CATALOGING SOURCE
-- 211885
Original cataloging agency VIVEKANANDA LIBRARY
041 ## - Language
-- English
082 ## - DDC NUMBER
Classification number 346.022 M91I(14)
100 ## - MAIN ENTRY--PERSONAL NAME
Personal name Pollock, Frederick
245 #4 - TITLE STATEMENT
Title The Indian contract and Specific Relief Acts. 2V
250 ## - EDITION STATEMENT
Edition statement 14th ed.
260 ## - PUBLICATION, DISTRIBUTION, ETC. (IMPRINT)
Place of publication, distribution, etc Gurgaon
Name of publisher, distributor, etc LexixNexis
Date of publication, distribution, etc 2013
300 ## - PHYSICAL DESCRIPTION
Pages v. p.
500 ## - GENERAL NOTE
General note 3857 31/10/2013 123 23/11/2013 Main Budget
942 ## - ADDED ENTRY ELEMENTS (KOHA)
Koha item type Books
Holdings
Withdrawn status Lost status Damaged status Not for loan Location (home branch) Sublocation or collection (holding branch) Date acquired Koha issues (times borrowed) Koha full call number Accession No. Koha date last seen Koha item type
        VIVEKANANDA LIBRARY VIVEKANANDA LIBRARY 19/02/2014   346.022 M91I(14) 329357 17/09/2023 Books
        VIVEKANANDA LIBRARY VIVEKANANDA LIBRARY 19/02/2014   346.022 M91I(14) 329358 17/09/2023 Books
        VIVEKANANDA LIBRARY VIVEKANANDA LIBRARY 19/02/2014   346.022 M91I(14) 329359 17/09/2023 Books
        VIVEKANANDA LIBRARY VIVEKANANDA LIBRARY 19/02/2014 1 346.022 M91I(14) 329360 06/11/2025 Books
        VIVEKANANDA LIBRARY VIVEKANANDA LIBRARY 19/02/2014   346.022 M91I(14) 329361 17/09/2023 Books
        VIVEKANANDA LIBRARY VIVEKANANDA LIBRARY 19/02/2014   346.022 M91I(14) 329362 17/09/2023 Books
        VIVEKANANDA LIBRARY VIVEKANANDA LIBRARY 19/02/2014   346.022 M91I(14) 329363 17/09/2023 Books
        VIVEKANANDA LIBRARY VIVEKANANDA LIBRARY 19/02/2014   346.022 M91I(14) 329364 17/09/2023 Books
        VIVEKANANDA LIBRARY VIVEKANANDA LIBRARY 19/02/2014   346.022 M91I(14) 329365 17/09/2023 Books
        VIVEKANANDA LIBRARY VIVEKANANDA LIBRARY 19/02/2014   346.022 M91I(14) 329366 17/09/2023 Books
© Designed and Maintained by Vivekananda Library, MDU Rohtak